000 01668nam a2200253Ia 4500
003 Ost
005 20260507075327.0
008 260507s9999||||xx |||||||||||||| ||und||
020 _a9789957067380
040 _cfsecg
041 _aara
082 _a330
100 _aمحمود، رافت سلامة
_eمؤلف
245 0 _aعلم تدقيق الحسابات :
_bالعلمي /
_c رافت سلامة محمود
260 _aعمان:
_bدار المسيرة,
_c2011
300 _a296 صفحة؛
_bإيضاحات ؛
_c25 سم
504 _aمصطلحات ص.269
520 _aمفهوم و تعريف التدقيق ، أهدافه و أهميته ، تحديد حجم اختيارات تدقيق الحسابات و استخدام المعاينة الاحصائية في هذا المجال ، تدقيق قائمة المركز المالي ، مقدمة لاستخدام أساليب التدقيق بمساعدة الحاسب الآلي و أساليب الرقابة على اختيار نظام نعلومات الادارة ، تحليل التوافق بين المعلومات المالية و المعلومات المتعلقو بها بواسطة التحليل الموضوعي بما في ذلك الاجراءات التحليلية ، معايير تدقيق الحسابات و القواعد العامة لها ، الرقابة ، التدقيق الاداري و التدقيق الاجتماعي
653 _aالمحاسبة
653 _aمراجعة الحسابات
700 _aزريقات، عمر محمد
_eمؤلف ثانوي
700 _aكلبونة، احمد يوسف
_eمؤلف ثانوي
942 _cكتاب
999 _c43974
_d43974